TIEMPO DE ECHEVERRIA/

Bewaard in:
Bibliografische gegevens
Hoofdauteur: Uribarri, Gabriel A. (autor)
Formaat: Boek
Reeks:HOMO POLITICUS
Onderwerpen:
Tags: Voeg label toe
Geen labels, Wees de eerste die dit record labelt!

MARC

LEADER 00000nam^a2200000^a^4500
001 000224411
005 20250521000000.0
009 20260310104048.384
020 |a 968-471-075-5 
035 |a 043248 
037 |a Acervo Xavier Clavigero 
082 |a 320. 972  |b URI 
100 |a Uribarri, Gabriel A.  |e (autor) 
245 1 0 |a TIEMPO DE ECHEVERRIA/  |c GABRIEL A. URIBARRI 
264 |a MEXICO :  |b MARTIN CASILLAS,  |c 1985 
300 |a 325p. 
336 |a texto  |b txt  |2 rdacontenido 
337 |a sin mediación  |b n  |2 rdamedio 
338 |a volumen  |b nc  |2 rdasoporte 
440 |a HOMO POLITICUS 
649 |a XX 
650 |a Política -  |z México 
650 |a Echeverría Alvarez, Luis 
910 |a Fondo General 
920 |a Impresos - Libros 
930 |a Colección General 
905 |a 101 
901 |a 043248  |b IT1  |c ACC  |i 043248  |u 20250521 
902 |a https://opac.biblio.iteso.mx/vufind/Record/000224411